Arq UDA proyectos. 7, UDA 2023 /

Bibliographic Details
Other Authors: Sotomayor Bustos, Cristian (Editor)
Format: Electronic eBook
Language:Spanish
Published: Cuenca, Ecuador : Universidad del Azuay, Casa Editora, [2025]
Subjects:
Online Access:Digitalia Hispánica

MARC

LEADER 00000nam a2200000 i 4500
001 DIGUAZUAY0294
003 NyNyDIG
007 cr |||||||||||
008 260120s2025 ec ae ob 000 0 spa d
006 m o d
035 |a (OCoLC)1569883490 
040 |a DGITA  |b eng  |e rda  |e pn  |c DGITA 
020 |a 9789942670717  |q eBook 
020 |z 9789942670700 
043 |a s-ec--- 
050 1 4 |a NA2750 ebook 
245 0 0 |a Arq UDA proyectos.  |n 7,  |p UDA 2023 /  |c compiladores, Cristian Sotomayor Bustos [and 3 others]. 
264 1 |a Cuenca, Ecuador :  |b Universidad del Azuay, Casa Editora,  |c [2025] 
300 |a 1 online resource :  |b illustrations, plans. 
336 |a text  |b txt  |2 rdacontent 
337 |a computer  |b c  |2 rdamedia 
338 |a online resource  |b cr  |2 rdacarrier 
347 |a text file  |2 rdaft 
347 |b PDF. 
500 |a "Universidad del Azuay, Facultad de Diseño, Arquitectura y Arte". 
588 0 |a Online resource; title from PDF title page (Digitalia, viewed January 20, 2026) 
650 0 |a Architecture  |x Designs and plans. 
650 0 |a Architecture  |x Study and teaching (Higher)  |z Ecuador. 
700 1 |a Sotomayor Bustos, Cristian,  |e editor. 
791 2 |a Digitalia (Firm),  |e distributor. 
793 0 |g Digitalia eBook Collection:  |a Universidad del Azuay 
776 0 8 |i Print version:  |t Arq UDA proyectos. 7, UDA 2023.  |d Cuenca, Ecuador : Universidad del Azuay, Casa Editora, [2025]  |z 9789942670700 
856 4 0 |3 Digitalia Hispánica  |u https://www.digitaliapublishing.com/a/180858/ 
910 |a Premium collection: 2026